| 000 | 06435cam a2200673 c 4500 | ||
|---|---|---|---|
| 003 | OSt | ||
| 005 | 20230621125430.0 | ||
| 007 | ta | ||
| 007 | ta | ||
| 008 | 190321t20182018nyuacf 000 0aeng d | ||
| 010 | _a 2018469658 | ||
| 020 | _a1524763136 | ||
| 020 |
_a9781524763138 _q(hardcover) |
||
| 020 |
_z9781524763152 _q(electronic bk.) |
||
| 035 | _aon1030413521 | ||
| 037 |
_bRandom House Inc, Attn Order Entry 400 Hahn Rd, Westminster, MD, USA, 21157 _nSAN 201-3975 |
||
| 040 |
_aNHP _beng _erda _cDLC _dYDX _dMJ8 _dOCLCF _dGK8 _dH4N _dWSD _dJQR _dDAD _dOQX _dQQ3 _dBUR _dJRZ _dKSG _dUAP _dJQM _dIGA _dWLU _dCTB _dVP@ _dRCJ _dIUK _dGYG _dNCRJL _dFNN _dNZD _dZLM _dIDU _dYXV _dMUB _dSBRWN _dMOU _dZBM _dUNVSL _dUCW _dUAB _dTXING _dKE7 _dTY2 _dW8A _dTXWHS _dTXKYL _dTXLAK _dBV1 _dXFF _dCPS _dCNO _dCTL _dCUY _dYBM _dKFH _dCPG _dIAY _dADRWC _dKPS _dCM2 _dMKN _dKZS _dUII _dDF$ _dJVB _dFPB _dST5 _dWEA _dTWJ _dMOF _dIBI _dTOH _dBDX _dT3S _dFSP _dNFR _dAUU _dGKX _dXMC _dZCU _dII2 _dICZ _dICN _dEYP _dIBH _dUIU _dCGL _dIAC _dT7X _dCRU _dTXWAL _dNGU _dLCPCL _dLOY _dTJZ _dTXPRI _dDAWCL _dYUS _dVRC _dMWS _dSAD _dWKU _dTXHON _dORE _dNJB _dTXSTC _dTXGHP _dTXSCH _dMWD _dXXWGB _dIBD _dPORTN _dLF6 _dNJR _dUO3 _dMULAP _dEYM _dAAO _dTXB _dTXAPL _dFCK _dFYO _dCSA _dLANGC _dZAPCP _dGUA _dRTOPP _dU3G _dPBF _dNMW _dOKS _dTYC _dCZA _dZQC _dOIP _dJOHCL _dKL8 _dYKC _dWUN _dAP8 _dHZG _dJYP _dJP8 _dLD3 _dLKC _dYOU _dHQD _dSYB _dFPJ _dLMJ _dBCM _dHV6 _dQGQ _dCGN _dMNX _dTXS _dAZZPT _dULL _dDXU _dGZN _dLMR _dNHP _dOCLCO _dTME _dOCLCO _dCTX _dJ9U _dOCLCO _dCBA _dOCLCO _dSXQ _dDUNPL _dOCLCO _dUTP _dKYC _dOCLCO _dBDP _dOCLCO _dTEU _dOCLCO _dOCLCQ _dOCLCO _dGBVCP _dDKC _dOCLCO _dYFZ _dPZX _dTP4 _dDLC _dT3Q _dOKX _dOCLCO _dNJT _dOCLCO _dTX6 _dSMI |
||
| 042 | _alccopycat | ||
| 043 |
_an-us--- _an-us-il |
||
| 049 | _aSMII pcat FY2019 | ||
| 050 | 0 | 0 |
_aE909.O24 _bO23 2018 |
| 082 |
_a973.932092 _bMIC |
||
| 100 | 1 |
_aObama, Michelle, _d1964- _eauthor _4http://id.loc.gov/vocabulary/relators/aut. _0http://id.loc.gov/authorities/names/n2008054754 |
|
| 245 | 1 | 0 |
_aBecoming / _cMichelle Obama |
| 246 | 3 | _aBecoming Michelle Obama | |
| 250 | _aFirst edition | ||
| 264 | 1 |
_aNew York : _bCrown, an imprint of the Crown Publishing Group, _c[2018] |
|
| 264 | 4 | _c©2018 | |
| 300 |
_axiii, 426 pages, 16 unnumbered pages of plates : _billustrations (chiefly color), portraits ; _c25 cm |
||
| 336 |
_atext _btxt _2rdacontent |
||
| 337 |
_aunmediated _bn _2rdamedia |
||
| 338 |
_avolume _bnc _2rdacarrier |
||
| 386 |
_ngdr _mGender group: _aWomen _2lcdgt _0http://id.loc.gov/authorities/demographicTerms/dg2015060358 |
||
| 386 |
_neth _mEthnic/cultural group _aAfrican Americans _2lcdgt _0http://id.loc.gov/authorities/demographicTerms/dg2015060362 |
||
| 386 |
_nsoc _mSocial group: _aPresidents' spouses _2lcsh _0http://id.loc.gov/authorities/subjects/sh85106498 |
||
| 386 |
_nsoc _mSocial group: _aLegislators' spouses _2lcsh _0http://id.loc.gov/authorities/subjects/sh85075854 |
||
| 386 |
_nocc _mOccupational/field of activity group: _aLawyers _2lcdgt _0http://id.loc.gov/authorities/demographicTerms/dg2015060078 |
||
| 386 |
_nnat _mNationality/regional group: _aWashingtonians (District of Columbia) _2lcdgt _0http://id.loc.gov/authorities/demographicTerms/dg2015060135 |
||
| 386 |
_nnat _mNationality/regional group: _aAmericans _2lcdgt _0http://id.loc.gov/authorities/demographicTerms/dg2015060001 |
||
| 505 | 0 | _aBecoming me -- Becoming us -- Becoming more -- Epilogue | |
| 520 | _a"An intimate, powerful, and inspiring memoir by the former First Lady of the United States. When she was a little girl, Michelle Robinson's world was the South Side of Chicago, where she and her brother, Craig, shared a bedroom in their family's upstairs apartment and played catch in the park, and where her parents, Fraser and Marian Robinson, raised her to be outspoken and unafraid. But life soon took her much further afield, from the halls of Princeton, where she learned for the first time what if felt like to be the only black woman in a room, to the glassy office tower where she worked as a high-powered corporate lawyer--and where, one summer morning, a law student named Barack Obama appeared in her office and upended all her carefully made plans. Here, for the first time, Michelle Obama describes the early years of her marriage as she struggles to balance her work and family with her husband's fast-moving political career. She takes us inside their private debate over whether he should make a run for the presidency and her subsequent role as a popular but oft-criticized figure during his campaign. Narrating with grace, good humor, and uncommon candor, she provides a vivid, behind-the-scenes account of her family's history-making launch into the global limelight as well as their life inside the White House over eight momentous years--as she comes to know her country and her country comes to know her. [This book] takes us through modest Iowa kitchens and ballrooms at Buckingham Palace, through moments of heart-stopping grief and profound resilience, bringing us deep into the soul of a singular, groundbreaking figure in history as she strives to live authentically, marshaling her personal strength and voice in service of a set of higher ideals. In telling her story with honesty and boldness, she issues a challenge to the rest of us: Who are we and who do we want to become?"--Jacket | ||
| 590 | _aAAPGMAIN copy has bookplate: Smithsonian Institution Libraries, Gift of Ellen G. Miles | ||
| 590 | _aNMAF copy 39088019685700 and 39088019685742 Purchased with Adopt-a-Book Funds. | ||
| 600 | 1 | 0 |
_aObama, Michelle, _d1964- _0http://id.loc.gov/authorities/names/n2008054754 |
| 650 | 0 |
_aPresidents' spouses _zUnited States _vBiography. _0http://id.loc.gov/authorities/subjects/sh2008109323 |
|
| 650 | 0 |
_aAfrican American women lawyers _zIllinois _zChicago _vBiography |
|
| 650 | 0 |
_aLegislators' spouses _zUnited States _vBiography. _0http://id.loc.gov/authorities/subjects/sh2009129518 |
|
| 655 | 0 | _aNonfiction | |
| 655 | 7 |
_aAutobiographies. _2lcgft _0http://id.loc.gov/authorities/genreForms/gf2014026047 |
|
| 655 | 7 |
_aBiographies. _2lcgft _0http://id.loc.gov/authorities/genreForms/gf2014026049 |
|
| 655 | 7 |
_aAutobiographies. _2fast _0http://id.worldcat.org/fast/01919894 |
|
| 655 | 7 |
_aBiographies. _0http://id.worldcat.org/fast/01919896 |
|
| 655 | 7 |
_aBiography. _0http://id.worldcat.org/fast/01423686 |
|
| 951 | _a1105723 | ||
| 856 | 4 | 2 | _uhttp://www.becomingmichelleobama.com |
| 942 |
_2ddc _cBK |
||
| 945 | _acamw 1/29/20 add nmaf 39088019685700, 39088019685742 | ||
| 949 |
_gAAPGMAI _i39088020058806 _laapg _nlc _tbook _x1105723 |
||
| 999 |
_c2170 _d2170 |
||